zpět

Detail výsledku týmu

ZÓNA 59, Brno

Datum a čas kvízu

28 Celkem bodů Celkový počet nahraných bodů na tomto kvízu bez doplňovacích otázek.
8. Pořadí na kvízu Konečné umístění týmu na tomto kvízu.

Zaznamenané odpovědi

# Otázka Odpověď Body Výsledky
1. Čeští senátoři zvolili ve stře... 1
2. Za přísných bezpečnostních opa... 1
3. Nejstreamovanější kapela roku... 1
4. Na grafu vidíme propad hodnoty... 0
5. Původně dočasný kouč a nástupc... 1
5. Jak se jmenuje vítězka páté řa... 1
5. Jak zní křestní jméno italskéh... 1
8. Dvojnásobná olympijská vítězka... 1
5. Herečku Hanu Vagnerovou můžeme... 1
10. Přiřaďte jména známých osobnos... 1